000 01074cam a22003133a 4500
001 8489
003 PGUSA
005 20140828083201.0
008 050701s2005||||xxu|||||s|||||000 p eng d
040 _aPGUSA
_beng
042 _adc
050 4 _aPR
100 1 _aColeridge, Samuel Taylor,
_d1772-1834
245 1 0 _aSpecimens of the Table Talk of Samuel Taylor Coleridge
_h[electronic resource] /
_cSamuel Taylor Coleridge
260 _bProject Gutenberg,
_c2005
506 _aPublic domain in the USA.
516 _aElectronic text
653 _aEngland -- Intellectual life -- 19th century
653 _aPoets, English -- 19th century -- Interviews
653 _aQuotations, English
653 _aColeridge, Samuel Taylor, 1772-1834 -- Quotations
653 _aCritics -- Great Britain -- Interviews
653 _aPoetry -- Authorship
653 _aColeridge, Samuel Taylor, 1772-1834 -- Interviews
700 1 _aColeridge, Henry Nelson,
_d1798-1843
830 0 _aProject Gutenberg
_v8489
856 4 0 _uhttp://www.gutenberg.org/ebooks/8489
942 _cEB
999 _c237789
_d237789